Truthtellers, Liars, and Alternators Logic Puzzle Quiz Stats

Quiz Updated Aug 16, 2016

Challenge
Share
Tweet
Score 0/25 Timer 20:00
7 Plays Today
spot square % Correct
A1???
100%
E5???
78.7%
E1???
63.2%
C3???
46.3%
B2???
31%
B1???
30%
D4???
27.7%
D1???
25.1%
A5???
24.6%
D2???
24.4%
B4???
21.9%
C2???
19.1%
A2???
17.4%
spot square % Correct
E2???
15.4%
C1???
15.4%
A3???
8.4%
D5???
6.7%
C4???
6.2%
A4???
6.1%
B3???
6.1%
D3???
5.8%
E3???
5.6%
B5???
4.5%
C5???
4.2%
E4???
4%

You're not logged in!

Compare scores with friends on all Sporcle quizzes.
Sign Up with Email
OR
Log In

You Might Also Like...

Show Comments

Extras

Top Quizzes Today


Score Distribution

Your Account Isn't Verified!

In order to create a playlist on Sporcle, you need to verify the email address you used during registration. Go to your Sporcle Settings to finish the process.